<?xml version="1.0" encoding="UTF-8"?>
<record
    xmlns:xsi="http://www.w3.org/2001/XMLSchema-instance"
    xsi:schemaLocation="http://www.loc.gov/MARC21/slim http://www.loc.gov/standards/marcxml/schema/MARC21slim.xsd"
    xmlns="http://www.loc.gov/MARC21/slim">

  <leader>00813nam a2200217 a 4500</leader>
  <controlfield tag="001">BRCA_8087</controlfield>
  <controlfield tag="005">20190320210127.0</controlfield>
  <controlfield tag="008">070414s1955----fr-a###f##---#000-0#fre-#</controlfield>
  <datafield tag="041" ind1=" " ind2=" ">
    <subfield code="a">fre</subfield>
  </datafield>
  <datafield tag="044" ind1=" " ind2=" ">
    <subfield code="a">fr</subfield>
  </datafield>
  <datafield tag="050" ind1=" " ind2="4">
    <subfield code="a">NK7104</subfield>
    <subfield code="b">.EN59</subfield>
    <subfield code="c">1955</subfield>
  </datafield>
  <datafield tag="245" ind1="1" ind2="0">
    <subfield code="a">Ensemble exceptionnel d&#xB4;orfevr&#xE8;rie ancienne</subfield>
    <subfield code="b">composant les collections particuli&#xE8;res des grands orf&#xE8;vres parisiens Puiforcat et provenant principalement de la collection de feu Louis-Victor Puiforcat.</subfield>
  </datafield>
  <datafield tag="260" ind1=" " ind2=" ">
    <subfield code="a">Paris</subfield>
    <subfield code="b">Galerie Charpentier</subfield>
    <subfield code="c">1955</subfield>
  </datafield>
  <datafield tag="300" ind1=" " ind2=" ">
    <subfield code="a">1 v. (paginaci&#xF3;n variada)</subfield>
    <subfield code="b">il.</subfield>
    <subfield code="c">28 cm.</subfield>
  </datafield>
  <datafield tag="500" ind1=" " ind2=" ">
    <subfield code="a">Y123</subfield>
  </datafield>
  <datafield tag="600" ind1="1" ind2="4">
    <subfield code="a">Puiforcat, Luois-Victor</subfield>
    <subfield code="v">Coleccionista</subfield>
    <subfield code="9">20108</subfield>
  </datafield>
  <datafield tag="650" ind1="1" ind2="4">
    <subfield code="a">Orfebrer&#xED;a</subfield>
    <subfield code="v">Cat&#xE1;logo</subfield>
    <subfield code="z">Francia</subfield>
    <subfield code="9">20109</subfield>
  </datafield>
  <datafield tag="650" ind1="1" ind2="4">
    <subfield code="a">Orfebrer&#xED;a</subfield>
    <subfield code="v">Coleccionistas y colecciones</subfield>
    <subfield code="z">Francia</subfield>
    <subfield code="9">20110</subfield>
  </datafield>
  <datafield tag="902" ind1=" " ind2=" ">
    <subfield code="a">GFM</subfield>
  </datafield>
  <datafield tag="942" ind1=" " ind2=" ">
    <subfield code="2">lcc</subfield>
    <subfield code="c">B</subfield>
  </datafield>
  <datafield tag="999" ind1=" " ind2=" ">
    <subfield code="c">7755</subfield>
    <subfield code="d">7755</subfield>
  </datafield>
  <datafield tag="952" ind1=" " ind2=" ">
    <subfield code="0">0</subfield>
    <subfield code="1">0</subfield>
    <subfield code="4">0</subfield>
    <subfield code="7">0</subfield>
    <subfield code="a">BRCA</subfield>
    <subfield code="b">BRCA</subfield>
    <subfield code="d">2014-04-04</subfield>
    <subfield code="i">Y123</subfield>
    <subfield code="l">0</subfield>
    <subfield code="o">NK7104 .EN59 1955 (Y123)</subfield>
    <subfield code="p">8711</subfield>
    <subfield code="r">2019-03-22 00:00:00</subfield>
    <subfield code="w">2019-03-22</subfield>
    <subfield code="y">B</subfield>
  </datafield>
</record>
